000
00251nam a2200109Ia 4500
008
200302s9999 xx 000 0 und d
100
_a
Walter Foster
245
_a
How To Draw
260
_b
Walter T. Foster Publication
260
_c
1920
300
_a
40 P.,
999
_c
558
_d
558